000
00336nas a22001337a 4500
005
20130506152112.0
008
130506b xxu||||| |||| 00| 0 eng d
082
_2
050
245
_a
Children's World
260
_a
New Delhi
_b
Children's Book Trust
300
_a
47p
310
_a
monthly
942
_2
ddc
_c
SR
_h
050
_s
1
999
_c
75143
_d
75143